Catalog

Record Details

Catalog Search



Hawaiʻi Volcanoes National Park / by Sara Green.

Green, Sara, 1964-(author., Author, Author).

Available copies

  • 1 of 1 copy available at LARL/NWRL Consortium.
  • 1 of 1 copy available at Lake Agassiz Regional Library. (Show preferred library)

Current holds

0 current holds with 1 total copy.

Show Only Available Copies
Location Call Number / Copy Notes Barcode Shelving Location Status Due Date
Moorhead Public Library J 919.691 GRE (Text) 33500014394621 New Available -

Record details

  • ISBN: 9798893048490
  • Physical Description: 32 pages : illustrations (chiefly color), color ... Read More
  • Publisher: Minneapolis, Minnesota : Blastoff! Discovery, an imprint of Bellwether Media by Flutterbee, 2026.

Content descriptions

Bibliography, etc. Note:
Includes bibliographical references (page 31) and ... Read More
Formatted Contents Note:
A volcanoes vacation -- Hawai'i Volcanoes National ... Read More
Summary, etc.:
"Engaging images accompany information about ... Read More
Target Audience Note:
Ages 8-13 Bellwether Media, Inc.
Subject: Hawaii Volcanoes National Park (Hawaii) > Juvenile literature.
Hawai'i Volcanoes National Park.
Genre: Juvenile literature.
Informational works.
LDR 03606cam a2200613 i 4500
001489583
003LARL_NWRL_CONSORTIUM
00520260609152811.0
008251208s2026 mnuab j b 001 0 eng
007ta
010 . ‡a 2025043816
040 . ‡aDLC ‡beng ‡erda ‡cDLC ‡dOCLCO ‡dJBI ‡dYDX ‡dIG# ‡dBDX ‡dBRL ‡dOCLCO
019 . ‡a1534791043
020 . ‡a9798893048490 ‡qhardcover
020 . ‡z9798893049497 ‡qebook
035 . ‡a(OCoLC)1560057942 ‡z(OCoLC)1534791043
042 . ‡apcc
043 . ‡an-us-hi ‡0http://id.loc.gov/authorities/names/n80061028
08204. ‡a919.69/1 ‡qTnLvILS ‡223/eng/20260522
1001 . ‡aGreen, Sara, ‡d1964- ‡eauthor. ‡4aut ‡4http://id.loc.gov/vocabulary/relators/aut ‡1https://id.oclc.org/worldcat/entity/E39PCjJ8GyVBGGgTfFmYjTXHT3 ‡1http://id.loc.gov/rwo/agents/n2008032600 ‡0(LARL_NWRL_CONSORTIUM)220794
24510. ‡aHawaiʻi Volcanoes National Park / ‡cby Sara Green.
264 1. ‡aMinneapolis, Minnesota : ‡bBlastoff! Discovery, an imprint of Bellwether Media by Flutterbee, ‡c2026.
300 . ‡a32 pages : ‡billustrations (chiefly color), color maps ; ‡c24 cm.
334 . ‡asingle unit ‡bmono ‡0http://id.loc.gov/vocabulary/issuance/mono
336 . ‡atext ‡btxt ‡2rdacontent ‡0http://id.loc.gov/vocabulary/contentTypes/txt
337 . ‡aunmediated ‡bn ‡2rdamedia ‡0http://id.loc.gov/vocabulary/mediaTypes/n
338 . ‡avolume ‡bnc ‡2rdacarrier ‡0http://id.loc.gov/vocabulary/carriers/nc
340 . ‡pillustrations. ‡0http://id.loc.gov/vocabulary/millus/ill
353 . ‡abibliography ‡bbibliography ‡0http://id.loc.gov/vocabulary/msupplcont/bibliography
353 . ‡aindex ‡bindex ‡0http://id.loc.gov/vocabulary/msupplcont/index
385 . ‡mAge group ‡nage ‡aChildren ‡2lcdgt ‡0http://id.loc.gov/authorities/demographicTerms/dg2015060010
4900 . ‡aU.S. national parks
504 . ‡aIncludes bibliographical references (page 31) and index.
5050 . ‡aA volcanoes vacation -- Hawai'i Volcanoes National Park -- The land -- Plants and wildlife -- Humans in Hawai'i Volcanoes National Park -- Visiting Hawai'i Volcanoes National Park -- Protecting the park -- Hawai'i Volcanoes National Park facts.
520 . ‡a"Engaging images accompany information about Hawai'i Volcanoes National Park. The combination of high-interest subject matter and narrative text is intended for students in grades 3 through 8"-- Provided by publisher.
521 . ‡aAges 8-13 ‡bBellwether Media, Inc.
651 0. ‡aHawaii Volcanoes National Park (Hawaii) ‡vJuvenile literature.
651 1. ‡aHawai'i Volcanoes National Park.
655 4. ‡aJuvenile literature.
655 7. ‡aInformational works. ‡2lcgft
758 . ‡1http://id.loc.gov/resources/instances/in00024361042
758 . ‡4http://id.loc.gov/ontologies/bibframe/instanceOf ‡1http://id.loc.gov/resources/works/in00024361042
77608. ‡iOnline version ‡4http://id.loc.gov/entities/relationships/onlineversion ‡aGreen, Sara, 1964- ‡tHawaiʻi Volcanoes National Park ‡bBlastoff! discovery. ‡dMinneapolis, Minnesota: Bellwether Media, Inc, 2026 ‡w(DLC) 2025043817 ‡z9798893049497
884 . ‡aDLC bibframe2marc v3.1-dev ‡g20260330 ‡qDLC ‡uhttps://github.com/lcnetdev/bibframe2marc/tree/v3.1-dev
901 . ‡a489583 ‡bAUTOGEN ‡c489583 ‡tbiblio

Additional Resources